000 00425nam a2200157Ia 4500
999 _c7084
_d7084
008 200103s 1958 ||||xx |||||||||||||| ||und||
082 _a621
_bBIN
100 _aBinder, R. C.
245 0 _aAdvanced fluid mechanics, Vol. 1
260 _bPrentice-Hall, Inc.
_c1958
_aNew Jersey
300 _aix, 296 p.: ill.
504 _aIncludes index
650 _aFluid mechanics
650 _aMarine engineering
942 _cBK